[Event "7th Parsvnath International Open Chess T"]
[Site "Modern School, Barakhamba Road"]
[Date "2009.01.11"]
[Round "1.30"]
[White "Murshed, Niaz"]
[Black "Jeet, Jain"]
[Result "1-0"]
[WhiteElo "2429"]
[BlackElo "1847"]
[PlyCount "81"]
[EventDate "2009.01.11"]

1. d4 Nf6 2. Nf3 c5 3. d5 d6 4. Nc3 g6 5. e4 Nbd7 6. Be2 Bg7 7. O-O O-O 8. a4
a6 9. Nd2 Qa5 10. Nc4 Qc7 11. Bf4 Nb6 12. Ne3 Ne8 13. Qd2 Bd7 14. a5 Nc8 15.
Ra2 Na7 16. Na4 Bxa4 17. Rxa4 Nc8 18. c3 Nf6 19. Qc2 Qd7 20. Raa1 Qc7 21. Ra3
Nd7 22. Bg3 Na7 23. Nc4 Nb5 24. Ra2 b6 25. Rfa1 Ra7 26. axb6 Nxb6 27. Rxa6 Rfa8
28. Rxa7 Rxa7 29. Rxa7 Qxa7 30. Nxb6 Qxb6 31. Qb3 Qa6 32. Qxb5 Qa1+ 33. Bf1 h5
34. h4 Qb1 35. Qe8+ Kh7 36. e5 Qf5 37. Qxe7 Kg8 38. Qxd6 Qc8 39. e6 fxe6 40.
dxe6 Qe8 41. e7 1-0

[Event "7th Parsvnath International Open Chess T"]
[Site "Modern School, Barakhamba Road"]
[Date "2009.01.11"]
[Round "1.31"]
[White "Jitender, Rawat"]
[Black "Shyam, Sundar M"]
[Result "0-1"]
[WhiteElo "1841"]
[BlackElo "2426"]
[PlyCount "56"]
[EventDate "2009.01.11"]

1. e4 e5 2. Nf3 Nc6 3. d4 exd4 4. Nxd4 Bc5 5. Nxc6 Qf6 6. Qf3 bxc6 7. Be2 Qxf3
8. gxf3 Ne7 9. Nd2 d5 10. Nb3 Bd6 11. Be3 f5 12. Bd4 fxe4 13. fxe4 dxe4 14.
Bh5+ Kf8 15. O-O-O Bf5 16. f3 Bf4+ 17. Kb1 e3 18. Rhg1 Rg8 19. Bc5 g6 20. Bg4
Kf7 21. Nd4 h5 22. Nxf5 Nxf5 23. Rd7+ Ke6 24. Bxf5+ gxf5 25. Rgd1 Bd6 26. Rh7
Bxc5 27. f4 e2 28. Rh6+ Kf7 0-1

[Event "7th Parsvnath International Open Chess T"]
[Site "Modern School, Barakhamba Road"]
[Date "2009.01.11"]
[Round "1.32"]
[White "Thejkumar, M  S."]
[Black "Joshi, Sunil"]
[Result "1-0"]
[WhiteElo "2424"]
[BlackElo "1841"]
[PlyCount "77"]
[EventDate "2009.01.11"]

1. d4 d5 2. c4 c6 3. Nc3 e6 4. e3 Nf6 5. Nf3 Be7 6. Bd3 Nbd7 7. O-O O-O 8. b3
b6 9. e4 dxe4 10. Nxe4 Bb7 11. Nxf6+ Nxf6 12. Bb2 h6 13. Qe2 c5 14. Rad1 cxd4
15. Bxd4 Qc7 16. Ne5 Rad8 17. Bb2 Bd6 18. f4 Qc5+ 19. Kh1 Be7 20. f5 Bc8 21.
fxe6 Bxe6 22. Ng6 Rfe8 23. Nxe7+ Qxe7 24. Bxf6 gxf6 25. Qh5 Kg7 26. Rf3 Rh8 27.
Rdf1 Rd4 28. Rg3+ Kf8 29. Qf3 f5 30. Bxf5 Bxf5 31. Qxf5 Rd6 32. Rgf3 f6 33. Qg6
Qe5 34. Rxf6+ Rxf6 35. Rxf6+ Ke7 36. Qg7+ Kd8 37. Qxh8+ Ke7 38. Qg7+ Ke8 39.
Rf8# 1-0

[Event "7th Parsvnath International Open Chess T"]
[Site "Modern School, Barakhamba Road"]
[Date "2009.01.11"]
[Round "1.33"]
[White "Anirudh, Singh Negi"]
[Black "Sethuraman, S P."]
[Result "0-1"]
[WhiteElo "1835"]
[BlackElo "2415"]
[PlyCount "67"]
[EventDate "2009.01.11"]

1. d4 d5 2. c4 c6 3. Nf3 Nf6 4. Nc3 e6 5. e3 Nbd7 6. Qc2 Bd6 7. b3 O-O 8. Bb2
b6 9. Be2 Bb7 10. O-O Qe7 11. Rad1 Rac8 12. e4 dxe4 13. Nxe4 Nxe4 14. Qxe4 Nf6
15. Qh4 Rfd8 16. Bd3 h6 17. Rfe1 Ba3 18. Ba1 a5 19. Bc2 Bd6 20. Bd3 Ra8 21. a4
Rdc8 22. Ne5 Nd7 23. Qxe7 Bxe7 24. Nxd7 Rc7 25. Be4 Bb4 26. Rd3 f5 27. Bf3 e5
28. Be2 e4 29. Rg3 Kh7 30. f3 Bd6 31. Rh3 Bc5 32. fxe4 Bd6 33. exf5 Be5 34. Rh4
0-1

[Event "7th Parsvnath International Open Chess T"]
[Site "Modern School, Barakhamba Road"]
[Date "2009.01.11"]
[Round "1.34"]
[White "Amanov, Zhanibek"]
[Black "Pallavi Dutta"]
[Result "1-0"]
[WhiteElo "2413"]
[BlackElo "1824"]
[PlyCount "112"]
[EventDate "2009.01.11"]

1. e4 e5 2. Nf3 Nc6 3. Bb5 a6 4. Ba4 Nf6 5. O-O Be7 6. Re1 b5 7. Bb3 d6 8. c3
O-O 9. h3 Bb7 10. d3 Na5 11. Bc2 c5 12. Nbd2 Re8 13. Nf1 Bf8 14. Ng3 g6 15. d4
cxd4 16. cxd4 Bg7 17. d5 Rc8 18. a4 b4 19. Bd3 Nd7 20. Bg5 Qb6 21. Be3 Nc5 22.
Nd2 Qd8 23. Bf1 Bf6 24. b3 Bg5 25. Rb1 Bxe3 26. Rxe3 Rc7 27. Be2 Bc8 28. Bg4
Qg5 29. Bxc8 Rexc8 30. Nf5 Qf6 31. Rg3 Kh8 32. Ne3 Qf4 33. Rg4 Qf6 34. Qe2 Qe7
35. h4 h5 36. Rg5 Qf6 37. g4 hxg4 38. Rxg4 Kg7 39. h5 Rh8 40. hxg6 fxg6 41.
Nf5+ Kf8 42. Ng3 Rf7 43. Qe3 Ke8 44. Rc1 Rh4 45. Rxh4 Qxh4 46. Rxc5 dxc5 47.
Qxc5 Nb7 48. Qc8+ Nd8 49. Nc4 Qf6 50. Qc5 Nb7 51. Qa7 Nd8 52. Qe3 Nb7 53. a5
Qg7 54. d6 Nd8 55. d7+ Rxd7 56. Qc5 Nc6 1-0

[Event "7th Parsvnath International Open Chess T"]
[Site "Modern School, Barakhamba Road"]
[Date "2009.01.11"]
[Round "1.35"]
[White "Viswanathan M S"]
[Black "Saptarshi, Roy"]
[Result "0-1"]
[WhiteElo "1822"]
[BlackElo "2410"]
[PlyCount "95"]
[EventDate "2009.01.11"]

1. e4 c5 2. Nf3 e6 3. d4 cxd4 4. Nxd4 a6 5. c4 Nf6 6. Nc3 Bb4 7. Bg5 Bxc3+ 8.
bxc3 Qa5 9. Bd2 Nxe4 10. Be2 Nc6 11. Nb3 Qe5 12. Qc2 d5 13. O-O Nxd2 14. Qxd2
dxc4 15. Bxc4 b5 16. Rfe1 Qc7 17. Bf1 O-O 18. Rad1 Bb7 19. Nc5 Rad8 20. Qe3 Bc8
21. Bd3 Ne7 22. Ne4 Nd5 23. Qg5 f5 24. Ng3 h6 25. Qc1 Qxc3 26. Qb1 Nf4 27. Ne2
Nxe2+ 28. Bxe2 Bb7 29. Bf1 Be4 30. Qc1 Qxc1 31. Rxc1 Rc8 32. f3 Bd5 33. a3 Rxc1
34. Rxc1 Rb8 35. Kf2 Kf7 36. g3 Rb7 37. Bd3 Kf6 38. Rc8 Rd7 39. Ke3 Bxf3 40.
Rc3 Bd5 41. Be2 g5 42. Rc1 Ke5 43. Rc5 f4+ 44. Kf2 Kd6 45. Rc2 e5 46. Rd2 e4
47. Rc2 e3+ 48. Ke1 0-1

[Event "7th Parsvnath International Open Chess "]
[Site "Modern School, Barakhamba Roa"]
[Date "2009.01.11"]
[Round "1.36"]
[White "Ibrayev, Nurlan"]
[Black "Hetul, Shah"]
[Result "0-1"]
[WhiteElo "2407"]
[BlackElo "1817"]
[PlyCount "88"]
[EventDate "2009.01.11"]

1. e4 e5 2. Nf3 Nc6 3. Bb5 a6 4. Ba4 Nf6 5. O-O Be7 6. Re1 b5 7. Bb3 d6 8. c3
O-O 9. h3 Na5 10. Bc2 c5 11. d4 Qc7 12. Nbd2 cxd4 13. cxd4 Bd7 14. Nf1 Rfc8 15.
Ne3 Nc6 16. a3 Bf8 17. b3 Nxd4 18. Nxd4 Qc3 19. Ne2 Qxa1 20. Qd2 d5 21. b4 d4
22. Nd1 Rxc2 23. Qxc2 Rc8 24. Qd2 Nxe4 25. Qd3 Nd6 26. Bb2 Qa2 27. f4 Qc4 28.
Qb1 d3 29. Ne3 Qe4 30. Nc3 Qxf4 31. Ncd5 Qg3 32. Nf1 Qg6 33. Bxe5 Nc4 34. Nf4
Qb6+ 35. Kh1 Nxe5 36. Rxe5 Bd6 37. Re4 Bc6 38. Qc1 Qb7 39. Re1 Bxg2+ 40. Nxg2
Rxc1 41. Rxc1 Bf4 42. Rc3 d2 43. Rd3 h6 44. Kg1 Qb6+ 0-1

[Event "7th Parsvnath International Open Chess T"]
[Site "Modern School, Barakhamba Road"]
[Date "2009.01.11"]
[Round "1.37"]
[White "Karthikeyan, Murali"]
[Black "Himanshu, Sharma"]
[Result "0-1"]
[WhiteElo "1815"]
[BlackElo "2405"]
[PlyCount "108"]
[EventDate "2009.01.11"]

1. e4 c5 2. Nf3 Nc6 3. Bb5 g6 4. O-O Bg7 5. Bxc6 dxc6 6. Re1 Nf6 7. Nc3 O-O 8.
d3 Qc7 9. Be3 b6 10. h3 e5 11. Qd2 Nh5 12. Ne2 Qe7 13. Bh6 f6 14. Bxg7 Nxg7 15.
Rf1 Be6 16. Nh2 c4 17. d4 Rad8 18. Qc3 exd4 19. Nxd4 Rd6 20. Rfe1 c5 21. Nxe6
Qxe6 22. Ng4 Rd4 23. e5 f5 24. Nf6+ Kh8 25. Qg3 Ne8 26. c3 Rd3 27. Qh4 Nxf6 28.
Qxf6+ Qxf6 29. exf6 Rxf6 30. Re7 Rfd6 31. Rxa7 Rd1+ 32. Rxd1 Rxd1+ 33. Kh2 Rd2
34. Rb7 Rxb2 35. a4 Rb3 36. f3 f4 37. h4 h5 38. Kh3 Kg8 39. Kh2 Kf8 40. Kg1 Ke8
41. Rg7 Rxc3 42. Rxg6 Rd3 43. Re6+ Kd7 44. Re1 c3 45. Rc1 Kc6 46. Kf1 Kd5 47.
Ke1 Kc4 48. Ke2 Rd2+ 49. Ke1 Rxg2 50. Rb1 Rg1+ 51. Ke2 Rxb1 52. Kf2 c2 53. a5
c1=Q 54. a6 Rb2# 0-1

[Event "7th Parsvnath International Open Chess T"]
[Site "Modern School, Barakhamba Road"]
[Date "2009.01.11"]
[Round "1.38"]
[White "Das, Arghyadip"]
[Black "Ravindra, Dange"]
[Result "1-0"]
[WhiteElo "2404"]
[BlackElo "1814"]
[PlyCount "55"]
[EventDate "2009.01.11"]

1. e4 c5 2. Nf3 Nc6 3. d4 cxd4 4. Nxd4 e5 5. Nb5 d6 6. N5c3 a6 7. Na3 Be6 8.
Nc4 Nd4 9. Nd5 f5 10. c3 fxe4 11. Ncb6 Bxd5 12. Nxa8 Qxa8 13. cxd4 exd4 14.
Qxd4 Bc6 15. Bf4 Qd8 16. O-O-O d5 17. f3 Qf6 18. Be5 Qh6+ 19. Kb1 Nf6 20. Ka1
Rg8 21. Be2 Be7 22. g4 Nd7 23. fxe4 Nxe5 24. Qxe5 Qe3 25. Bd3 dxe4 26. Bxe4 Qg5
27. Qb8+ Bd8 28. Rxd8+ 1-0

[Event "7th Parsvnath International Open Chess T"]
[Site "Modern School, Barakhamba Road"]
[Date "2009.01.11"]
[Round "1.39"]
[White "Amrendra, Kumar"]
[Black "Girinath, P D S."]
[Result "0-1"]
[WhiteElo "1813"]
[BlackElo "2404"]
[PlyCount "64"]
[EventDate "2009.01.11"]

1. e4 c5 2. Nf3 e6 3. d4 cxd4 4. Nxd4 a6 5. Be3 Nf6 6. Bd3 Qc7 7. f4 b5 8. f5
e5 9. Nb3 Bb7 10. N1d2 d5 11. Qf3 Nbd7 12. g4 h6 13. O-O-O Rc8 14. Kb1 dxe4 15.
Nxe4 Nxe4 16. Bxe4 Qxc2+ 17. Bxc2 Bxf3 18. Rxd7 Kxd7 19. Rg1 Bd6 20. Nd2 Bd5
21. Rd1 Ke7 22. Ne4 Bxe4 23. Bxe4 Bc5 24. Bc1 Rhd8 25. Re1 Bb4 26. Re2 Rd1 27.
Bc2 Re1 28. Rg2 Bc5 29. Rg3 Bf2 30. Ra3 Bh4 31. Re3 Rxc1+ 32. Kxc1 Bg5 0-1

[Event "7th Parsvnath International Open Chess T"]
[Site "Modern School, Barakhamba Road"]
[Date "2009.01.11"]
[Round "1.40"]
[White "Akshayraj, Kore"]
[Black "Avadhanulu, A S M S S."]
[Result "1-0"]
[WhiteElo "2403"]
[BlackElo "1807"]
[PlyCount "121"]
[EventDate "2009.01.11"]

1. e4 c5 2. Nf3 e6 3. d4 cxd4 4. Nxd4 a6 5. Bd3 Qc7 6. O-O Nc6 7. Nxc6 dxc6 8.
Nd2 e5 9. a4 Nf6 10. a5 Bc5 11. Nc4 Bg4 12. Qe1 Be6 13. Be3 Bxe3 14. Qxe3 Bxc4
15. Bxc4 O-O 16. f3 Rad8 17. b3 Rd7 18. g4 Rfd8 19. h4 Rd4 20. Kg2 Qd7 21. Rf2
Kh8 22. Qg5 Qe7 23. c3 R4d7 24. Re1 h6 25. Qe3 Nh7 26. g5 hxg5 27. hxg5 Qxg5+
28. Qxg5 Nxg5 29. Rh1+ Kg8 30. Rh5 Nh7 31. Rxe5 Nf6 32. Kg3 g6 33. Kf4 Kg7 34.
Ke3 Rd1 35. Re7 R8d7 36. Rxd7 Nxd7 37. Ra2 Ne5 38. Be2 Rc1 39. f4 Nd7 40. Kd4
f5 41. e5 Kf7 42. Bc4+ Ke7 43. Rh2 c5+ 44. Ke3 Nf8 45. Rh8 Rxc3+ 46. Kf2 Rc2+
47. Kg3 Ra2 48. Rg8 Rxa5 49. Rg7+ Kd8 50. Rxb7 Ra1 51. Ra7 a5 52. Rf7 Ke8 53.
e6 Nxe6 54. Bxe6 a4 55. bxa4 Rxa4 56. Rg7 Ra3+ 57. Kh4 Rf3 58. Kg5 Rg3+ 59. Kf6
Kd8 60. Rd7+ Ke8 61. Rc7 1-0

[Event "7th Parsvnath International Open Chess T"]
[Site "Modern School, Barakhamba Road"]
[Date "2009.01.11"]
[Round "1.41"]
[White "S P Mahto"]
[Black "Khamzin, Olzhas"]
[Result "0-1"]
[WhiteElo "1807"]
[BlackElo "2401"]
[PlyCount "74"]
[EventDate "2009.01.11"]

1. d4 Nf6 2. c4 e6 3. Nc3 Bb4 4. a3 Bxc3+ 5. bxc3 c5 6. Nf3 Nc6 7. e3 O-O 8.
Bd3 b6 9. O-O Ba6 10. d5 Na5 11. Qe2 Qe7 12. Rd1 d6 13. Nd2 Rfe8 14. Bb1 Rac8
15. e4 exd5 16. cxd5 c4 17. Bc2 Nxd5 18. a4 Nf4 19. Qf3 Nd3 20. Ba3 Nc6 21. Qg3
Nce5 22. f4 Ng6 23. Bxd3 cxd3 24. e5 Rxc3 25. Bxd6 Qd7 26. Qg5 h6 27. Qg3 Bb7
28. Rf1 Qf5 29. h3 Rc2 30. Qe3 h5 31. Rf2 Nh4 32. Kh2 Rec8 33. Kg3 Nxg2 34. Qd4
h4+ 35. Kh2 Qg6 36. Nf1 Rxf2 37. Qxf2 Rc2 0-1

[Event "7th Parsvnath International Open Chess T"]
[Site "Modern School, Barakhamba Road"]
[Date "2009.01.11"]
[Round "1.42"]
[White "Prakash, G B."]
[Black "Deep, Kapoor"]
[Result "1-0"]
[WhiteElo "2397"]
[BlackElo "1804"]
[PlyCount "97"]
[EventDate "2009.01.11"]

1. d4 Nf6 2. c4 e6 3. Nf3 Bb4+ 4. Nbd2 O-O 5. a3 Bxd2+ 6. Bxd2 h6 7. g3 b6 8.
Bg2 Bb7 9. O-O d6 10. b3 c5 11. Bc3 Nbd7 12. d5 exd5 13. Nh4 Qc7 14. cxd5 c4
15. b4 b5 16. Qd2 Rfe8 17. Nf5 Kh7 18. e4 Ne5 19. Rae1 Rad8 20. Re3 g6 21. Nd4
a6 22. h3 Qe7 23. Rfe1 Nd3 24. R1e2 Qd7 25. Ba1 Rg8 26. Nc6 Bxc6 27. Bxf6 Bb7
28. Bxd8 Rxd8 29. Rxd3 cxd3 30. Qxd3 Rc8 31. Rc2 Rxc2 32. Qxc2 Qc8 33. Qxc8
Bxc8 34. f4 f6 35. Kf2 Kg7 36. Ke3 g5 37. Kd4 Kf7 38. e5 gxf4 39. gxf4 fxe5+
40. fxe5 dxe5+ 41. Kxe5 Ke7 42. d6+ Kd7 43. h4 Kd8 44. Bc6 Bd7 45. Bxd7 Kxd7
46. h5 Kd8 47. Ke6 Ke8 48. d7+ Kd8 49. Kd6 1-0

[Event "7th Parsvnath International Open Chess T"]
[Site "Modern School, Barakhamba Road"]
[Date "2009.01.11"]
[Round "1.43"]
[White "Krishna, N B."]
[Black "Narayanan, Srinath"]
[Result "1/2-1/2"]
[WhiteElo "1794"]
[BlackElo "2397"]
[PlyCount "101"]
[EventDate "2009.01.11"]

1. Nf3 c5 2. g3 Nc6 3. Bg2 e5 4. e4 Nf6 5. d3 d5 6. Nbd2 Be7 7. O-O O-O 8. c3
Re8 9. Qc2 Bf8 10. Rd1 h6 11. Nf1 Be6 12. h3 Qd7 13. Kh2 Rad8 14. Bd2 dxe4 15.
dxe4 Bc4 16. Be3 Bd3 17. Qa4 b5 18. Qa6 Nb8 19. Qa5 Qb7 20. Nxe5 c4 21. Nxd3
Nc6 22. e5 Nd5 23. Qxd8 Rxd8 24. Nc5 Bxc5 25. Bxc5 Nxe5 26. Ne3 Nd3 27. Nxd5
Rxd5 28. Bxd5 Qxd5 29. Bxa7 Qf5 30. Bd4 Nxf2 31. Bxf2 Qxf2+ 32. Kh1 Qf3+ 33.
Kh2 Qf2+ 34. Kh1 Qxg3 35. Rd8+ Kh7 36. Rad1 Qf3+ 37. Kg1 Qg3+ 38. Kf1 Qxh3+ 39.
Kg1 f5 40. R1d2 f4 41. R8d5 Qe3+ 42. Kg2 f3+ 43. Kg3 g5 44. R5d4 Kg6 45. Rd6+
Kg7 46. Rd7+ Kg6 47. R7d6+ Kf7 48. Rd7+ Kf8 49. Rd8+ Kg7 50. R8d7+ Kg6 51.
R7d6+ 1/2-1/2

[Event "7th Parsvnath International Open Chess T"]
[Site "Modern School, Barakhamba Road"]
[Date "2009.01.11"]
[Round "1.44"]
[White "Sharma, Dinesh K"]
[Black "Herbert, Michael"]
[Result "1-0"]
[WhiteElo "2394"]
[BlackElo "1792"]
[PlyCount "105"]
[EventDate "2009.01.11"]

1. e4 e5 2. Nf3 Nc6 3. Bb5 a6 4. Ba4 Nf6 5. Qe2 d6 6. c3 b5 7. Bb3 Bg4 8. h3
Bh5 9. d3 Be7 10. Nbd2 Na5 11. Bc2 c5 12. Nf1 Qd7 13. Ng3 Bg6 14. O-O Nc6 15.
Rd1 O-O 16. d4 Qc7 17. d5 Na5 18. Nh4 Rac8 19. Nhf5 Nb7 20. h4 Bxf5 21. Nxf5
Bd8 22. Qf3 Ne8 23. b3 c4 24. b4 a5 25. a4 axb4 26. cxb4 Ra8 27. Be3 Qd7 28.
axb5 Rxa1 29. Rxa1 Qxb5 30. Bd2 Nc7 31. Ba4 Qb6 32. Qc3 Ne8 33. Bh6 Bxh4 34.
Be3 Qd8 35. Bc6 g6 36. Nxh4 Qxh4 37. Bxb7 Qxe4 38. f3 Qh4 39. Bf2 Qe7 40. Bc6
Nf6 41. Qxc4 e4 42. Re1 Rc8 43. Bd4 Nh5 44. Rxe4 Qg5 45. Qe2 Ng7 46. Bxg7 Kxg7
47. Qe3 Qg3 48. b5 h5 49. b6 Rf8 50. b7 f5 51. Qf4 Qxf4 52. Rxf4 g5 53. Ra4 1-0

[Event "7th Parsvnath International Open Chess T"]
[Site "Modern School, Barakhamba Road"]
[Date "2009.01.11"]
[Round "1.45"]
[White "Mathur, Tarun"]
[Black "Prathamesh, Sunil Mokal"]
[Result "0-1"]
[WhiteElo "1788"]
[BlackElo "2389"]
[PlyCount "64"]
[EventDate "2009.01.11"]

1. e4 c5 2. Nf3 e6 3. d4 cxd4 4. Nxd4 a6 5. Bd3 Nf6 6. Bg5 Be7 7. e5 Qa5+ 8.
Nc3 Qxe5+ 9. Be3 Nc6 10. Nf3 Qc7 11. O-O d5 12. h3 e5 13. Bg5 Be6 14. Be2 Rd8
15. Nd2 O-O 16. Bxf6 Bxf6 17. Bg4 Bxg4 18. Qxg4 e4 19. Nb3 Nb4 20. a3 Bxc3 21.
bxc3 Nxc2 22. Rac1 Nxa3 23. Nd4 Rd6 24. Qg3 Qd7 25. f4 f5 26. Qe1 Nc4 27. Rb1
a5 28. Nb3 Rc8 29. h4 a4 30. Nd2 Na5 31. Rc1 Rcc6 32. Qg3 d4 0-1

[Event "7th Parsvnath International Open Chess T"]
[Site "Modern School, Barakhamba Road"]
[Date "2009.01.11"]
[Round "1.46"]
[White "Roktim, Bandyopadhyay"]
[Black "Varma, Vikrant"]
[Result "1-0"]
[WhiteElo "2372"]
[BlackElo "1786"]
[PlyCount "141"]
[EventDate "2009.01.11"]

1. d4 d5 2. Nf3 Nf6 3. c4 e6 4. Nc3 Nbd7 5. Bg5 c6 6. e3 Qa5 7. cxd5 Nxd5 8.
Qd2 Bb4 9. Rc1 N7b6 10. e4 Nxc3 11. bxc3 Ba3 12. Rb1 O-O 13. Bd3 Bd7 14. O-O c5
15. Qe2 Rac8 16. Bd2 c4 17. Bc2 Bd6 18. e5 Bb8 19. Qe4 g6 20. Qh4 f5 21. exf6
Qh5 22. Qxh5 gxh5 23. Ng5 h6 24. Ne4 Bc6 25. Bxh6 Bxe4 26. Bxe4 Rxf6 27. Bd2
Rc7 28. Rb5 Rd7 29. Rxh5 Nd5 30. Rb1 Rdf7 31. Bxd5 exd5 32. Be3 Bf4 33. Bxf4
Rxf4 34. f3 Re7 35. Kf2 Rf6 36. Rxd5 Rfe6 37. Rb2 a6 38. a4 Re3 39. Rc2 R3e6
40. Rc5 Rc6 41. Rxc6 bxc6 42. Rb2 Rh7 43. Rb4 Rxh2 44. Rxc4 Rh6 45. Rc5 Kf7 46.
Ra5 c5 47. Rxc5 Rb6 48. a5 Rb2+ 49. Ke3 Rxg2 50. Rc6 Rc2 51. Kd3 Rf2 52. Rxa6
Rxf3+ 53. Kc4 Rf1 54. Rb6 Ra1 55. a6 Ke8 56. Kd5 Kd7 57. c4 Kc7 58. c5 Rh1 59.
a7 Ra1 60. Rh6 Kb7 61. Rh8 Kxa7 62. Kc6 Ra6+ 63. Kc7 Rg6 64. d5 Rg7+ 65. Kc6
Rb7 66. d6 Rg7 67. d7 Rg6+ 68. Kb5 Rg1 69. d8=Q Rb1+ 70. Kc6 Rb7 71. Qa5# 1-0

[Event "7th Parsvnath International Open Chess T"]
[Site "Modern School, Barakhamba Road"]
[Date "2009.01.11"]
[Round "1.48"]
[White "Katalymov, Boris N"]
[Black "Neetakshya, Singh"]
[Result "1-0"]
[WhiteElo "2367"]
[BlackElo "1783"]
[PlyCount "74"]
[EventDate "2009.01.11"]

1. e4 c5 2. Nf3 d6 3. d4 cxd4 4. Nxd4 Nf6 5. Nc3 a6 6. Bg5 e6 7. Qd3 Be7 8.
O-O-O Nbd7 9. f4 Qc7 10. g4 b5 11. Bxf6 gxf6 12. Qh3 Bb7 13. Qh5 Nc5 14. Bg2 b4
15. Nce2 Rc8 16. c3 Qd7 17. f5 e5 18. Nc2 b3 19. axb3 Nxb3+ 20. Kb1 Qa4 21. g5
fxg5 22. f6 Bf8 23. Ng3 Nc5 24. Rhe1 Qb3 25. Na1 Qb6 26. Rd2 Ne6 27. Nf5 Rxc3
28. Red1 Rc6 29. Nc2 h6 30. Bf1 Nf4 31. Qf3 Qd8 32. Qa3 Qxf6 33. Qa4 Kd8 34.
Nb4 Rb6 35. Ng3 d5 36. Nxd5 Bxd5 37. Bc4 Rb5 1-0

[Event "7th Parsvnath International Open Chess T"]
[Site "Modern School, Barakhamba Road"]
[Date "2009.01.11"]
[Round "1.49"]
[White "Sivakumar, P."]
[Black "Nitin, S."]
[Result "0-1"]
[WhiteElo "1783"]
[BlackElo "2365"]
[PlyCount "46"]
[EventDate "2009.01.11"]

1. e4 c5 2. Nf3 d6 3. d4 cxd4 4. Nxd4 Nf6 5. Nc3 a6 6. Be2 e5 7. Nb3 Be7 8. Be3
Be6 9. g4 h6 10. f4 exf4 11. Bxf4 Nc6 12. O-O O-O 13. Kh1 b5 14. g5 hxg5 15.
Bxg5 b4 16. Bxf6 Bxf6 17. Nd5 Bxb2 18. Rb1 Be5 19. Bg4 Qh4 20. h3 Qg3 21. Qe2
Rae8 22. Rg1 Bxg4 23. hxg4 Qh3+ 0-1

[Event "7th Parsvnath International Open Chess T"]
[Site "Modern School, Barakhamba Road"]
[Date "2009.01.11"]
[Round "1.50"]
[White "Debashis, Das"]
[Black "Sumit, Mahajan"]
[Result "1-0"]
[WhiteElo "2365"]
[BlackElo "1782"]
[PlyCount "73"]
[EventDate "2009.01.11"]

1. e4 c6 2. d4 d5 3. e5 Bf5 4. Nf3 e6 5. Be2 Nd7 6. O-O Ne7 7. Nbd2 h6 8. Nb3
Nc8 9. a4 Be7 10. a5 O-O 11. Be3 Qc7 12. Nfd2 c5 13. c4 cxd4 14. Nxd4 dxc4 15.
Nxf5 exf5 16. e6 fxe6 17. Bxc4 Rf6 18. Rc1 Qxa5 19. Ne4 Nf8 20. Nxf6+ Bxf6 21.
Qb3 Nd6 22. Bxe6+ Kh8 23. Bd5 Re8 24. Rfd1 b6 25. Ra1 Qb5 26. Qxb5 Nxb5 27. Bc6
Re5 28. Bxb5 Rxb5 29. Rxa7 Rxb2 30. Rb7 Ng6 31. Rxb6 Ra2 32. Bxh6 Bd4 33. Rxg6
gxh6 34. Rf1 h5 35. Rd6 Ba7 36. g3 Kg7 37. Kg2 1-0

[Event "7th Parsvnath International Open Chess T"]
[Site "New Delhi India"]
[Date "2009.01.11"]
[Round "2"]
[White "Alexander, Areshchenko"]
[Black "O T, Anilkumar"]
[Result "0-1"]
[WhiteElo "2673"]
[BlackElo "2207"]
[PlyCount "76"]
[EventDate "2009.01.11"]
[Source "MonRoi"]

1. e4 e6 2. d4 b6 3. Nf3 Bb7 4. Bd3 c5 5. O-O d6 6. Qe2 Be7 7. dxc5 bxc5 8. e5
d5 9. c4 d4 10. Nbd2 Nc6 11. Ne4 h6 12. a3 Qc7 13. Bf4 g5 14. Nd6+ Kf8 15. Bg3
f5 16. Nxb7 Qxb7 17. h3 a5 18. Nd2 h5 19. Bh2 Nh6 20. Rab1 Nf7 21. f4 g4 22.
hxg4 hxg4 23. Bg3 Kg7 24. Ne4 Rh6 25. Nf2 Rah8 26. Rfe1 Bh4 27. Nh1 Ne7 28.
Bxh4 Rxh4 29. Ng3 Rh2 30. Qd2 Ng6 31. Re2 Qb3 32. Rf1 Qb6 33. Bxf5 exf5 34.
Nxf5+ Kf8 35. e6 Nd6 36. e7+ Nxe7 37. Nxe7 Ne4 38. Rxe4 g3 0-1

[Event "7th Parsvnath International Open Chess T"]
[Site "New Delhi India"]
[Date "2009.01.11"]
[Round "2"]
[White "Ghosh, Pradip"]
[Black "Yuriy, Kuzubov"]
[Result "0-1"]
[WhiteElo "2211"]
[BlackElo "2626"]
[PlyCount "58"]
[EventDate "2009.01.11"]
[Source "MonRoi"]

1. e4 c5 2. Nc3 d6 3. g3 g6 4. Bg2 Bg7 5. d3 Nc6 6. Be3 Nf6 7. h3 O-O 8. Nge2
Rb8 9. O-O b5 10. Qd2 b4 11. Nd1 Re8 12. f4 Nd7 13. f5 Nd4 14. Nf4 e6 15. c3
bxc3 16. bxc3 Nc6 17. fxe6 fxe6 18. Nf2 Qa5 19. Rac1 Nce5 20. Rb1 Nb6 21. h4
Bd7 22. h5 Na4 23. hxg6 hxg6 24. Ne2 Rf8 25. Bh6 Rxb1 26. Rxb1 Nxc3 27. Nxc3
Bxh6 28. Qxh6 Qxc3 29. Rf1 Qd4 0-1

[Event "7th Parsvnath International Open Chess T"]
[Site "New Delhi India"]
[Date "2009.01.11"]
[Round "2"]
[White "Surya Shekhar, Ganguly"]
[Black "Kumar, Vinoth"]
[Result "1-0"]
[WhiteElo "2614"]
[BlackElo "2204"]
[PlyCount "69"]
[EventDate "2009.01.11"]
[Source "MonRoi"]

1. e4 e6 2. d4 d5 3. Nc3 Bb4 4. e5 b6 5. a3 Bf8 6. Bb5+ c6 7. Ba4 f5 8. Nf3 Be7
9. h4 Nh6 10. Bxh6 gxh6 11. Qd2 Bf8 12. Ne2 b5 13. Bb3 Qe7 14. Nf4 Qf7 15. a4
b4 16. c4 bxc3 17. bxc3 Be7 18. c4 Na6 19. O-O O-O 20. Rfc1 Kh8 21. a5 Rg8 22.
Ba4 Bb4 23. Qe2 Nb8 24. cxd5 cxd5 25. Qb5 Qe7 26. Rab1 Ba3 27. Rc3 Na6 28. Rxc8
Raxc8 29. Qxa6 Bc1 30. Rb7 Rc7 31. Rxc7 Qxc7 32. Nxe6 Qc3 33. Nc5 Bf4 34. Qf6+
Rg7 35. Bb5 1-0

[Event "7th Parsvnath International Open Chess T"]
[Site "New Delhi India"]
[Date "2009.01.11"]
[Round "2"]
[White "Yuri, Solodovnichenko"]
[Black "Suri, Vaibhav"]
[Result "1-0"]
[WhiteElo "2571"]
[BlackElo "2193"]
[PlyCount "81"]
[EventDate "2009.01.11"]
[Source "MonRoi"]

1. e4 c5 2. Nc3 e6 3. Nge2 Nc6 4. d4 cxd4 5. Nxd4 Qc7 6. Be3 a6 7. Qd2 Nf6 8.
O-O-O Bb4 9. f3 Ne5 10. Nb3 b5 11. Qe1 Rb8 12. Qg3 Nh5 13. Qg5 g6 14. Bd4 f6
15. Qe3 Be7 16. g4 Nf4 17. Kb1 Nc4 18. Qc1 O-O 19. h4 Bb7 20. Bf2 Bd6 21. Rxd6
Qxd6 22. Bc5 Qe5 23. Bxf8 Rxf8 24. Bxc4 bxc4 25. Na5 Qxa5 26. Qxf4 Qe5 27. Qd2
Bc6 28. f4 Qa5 29. Qd4 Rb8 30. Qxc4 Rb4 31. Qd3 Qb6 32. h5 g5 33. fxg5 fxg5 34.
Rf1 Qd8 35. h6 Qe7 36. Qxa6 Rb8 37. Qa5 e5 38. Nd5 Qe6 39. Rf6 Qxg4 40. Ne7+
Kh8 41. Rf8+ 1-0

[Event "7th Parsvnath International Open Chess T"]
[Site "New Delhi India"]
[Date "2009.01.11"]
[Round "2"]
[White "Mangang Rajkumar, Apollosana"]
[Black "Evgeny, Gleizerov"]
[Result "1/2-1/2"]
[WhiteElo "2195"]
[BlackElo "2544"]
[PlyCount "65"]
[EventDate "2009.01.11"]
[Source "MonRoi"]

1. e4 e6 2. d4 d5 3. Nc3 Nf6 4. Bg5 Be7 5. e5 Nfd7 6. Bxe7 Qxe7 7. f4 O-O 8.
Qh5 c5 9. Nf3 Nc6 10. O-O-O f6 11. exf6 Nxf6 12. Qh4 cxd4 13. Nxd4 Bd7 14. Nf3
Be8 15. Bd3 Bh5 16. Rhf1 g6 17. Rde1 Bxf3 18. Rxf3 Nd4 19. Rf2 Rae8 20. f5 Nxf5
21. Bxf5 gxf5 22. Rxf5 exf5 23. Rxe7 Rxe7 24. b3 Rg7 25. Qd4 Rg4 26. Qe5 Rxg2
27. Nxd5 Rg1+ 28. Kb2 Nxd5 29. Qxd5+ Rf7 30. Qd8+ Rf8 31. Qd5+ Rf7 32. Qd8+ Rf8
33. Qd5+ 1/2-1/2